000 00422nam a2200169Ia 4500
001 22297
003 IN-NITTTR
005 20251114233252.0
008 251113s9999||||xx |||||||||||||| ||eng||
040 _beng
040 _cIN-NITTTR
041 _aeng
082 _a004.16 G639I
100 _aGoody, Roy W.
245 0 _aINTEL Microprocessors :
_b hardware, software and applications /
_cGoody, Roy W.
942 _2ddc
_cBK
999 _c24926
_d24926